01185 2200253 4500001002100000005001500021035002000036008004100056020000900097041000800106082001200114084001800126100002000144245007100164250001000235260004100245300002500286500002000311504001600331520051500347650001900862990002500881990002500906INLIS00000000000160220221021013824 a0010-0520001602221021 | | ind  a1392 aind a297.352 a297.352 MUS h0 aMuslim Nasution1 aHaji dan Umrah ; Keagungan dan Nilai Amaliahnya /cMuslim Nasution aCet.1 aJakarta :bPustaka Al-Kautsar,c1999 a108p.;18 cm ;c18 cm aIndeks : indeks abibliografi aKadang-kadang muncul pertanyaan di kalangan jamaah calon haji dan umrah, yaitu makna dan arti apa yang terkandung di balik nilai keagungan dan amaliah haji serta umrah? Yaitu, makna serta arti yang terkandung di balik nilai keagungan dan amaliah rukun-rukun haji dan umrah, seprti tawaf, sa'i, wukuf dsb. Buku ini menjawab pertanyaan tersebut, sekaligus memberikan penjelasan dan pemahaman tentang seputar nilai keagungan dan amaliah rukun-rukun haji dan umrah, juga nilai kontribusinya bagi para pelaksananya. 4aHaji dan Umrah a02272/MKRI-P/IX-2005 a02272/MKRI-P/IX-2005